00439 2200169 4500001002100000008004100021035002000062245007100082100000900153250000600162260004200168300001200210084001400222082000800236650001300244990001200257INLIS000000000000727 ind  a0010-0424000703 aOSN Astronomi SMAcLOPI ( Lembaga Olimpiade Pendidikan Indonesia ) aLOPI a1 aJakarta :bBina Prestasi Insanic2019 a206 hlm a520 LOP a a520 aNonfiksi a0739662